Introduccin̤ a la Constitucin̤ espaǫla de 1978

Detalles Bibliográficos
Autor principal: Arv̌alo Gutiřrez, Alfonso
Otros Autores: Garrido Criado, Clara, Sǹchez Sǹchez, Javier
Formato: eBook
Lenguaje:español
Publicado: Madrid: Dykinson, 2019
Materias:
Acceso en línea:Acceso restringido

MARC

LEADER 00000nam a22000007a 4500
005 20190806224336.0
007 cr|||| ||||
008 190806s2019 es |||||s|||| 00||0 spa d
020 |a 978-84-1324-064-0 
035 |a 23790 
040 |a vLex 
090 |c 9105  |d 9105 
100 1 |a Arv̌alo Gutiřrez, Alfonso 
245 1 0 |a Introduccin̤ a la Constitucin̤ espaǫla de 1978  |h [Recurso electrn̤ico] /  |c Alfonso Arv̌alo Gutiřrez, Clara Garrido Criado, Javier Sǹchez Sǹchez 
256 |a Servicio en ln̕ea 
260 |a Madrid:  |b Dykinson,  |c 2019 
300 |a 1 recurso electrn̤ico 
506 1 |a Disponible solo en los productos indicados  |d vLex Global  |d vLex Global (Academic Edition, excluding Law Schools)  |d vLex Global (U.S. Academic Edition, Law Schools)  |d vLex Global (U.S. Academic Edition, excluding Law Schools)  |d vLex Global (Academic Edition, Law Schools) 
650 0 4 |a Derecho Constitucional  |z Espaą 
700 1 |a Garrido Criado, Clara 
700 1 |a Sǹchez Sǹchez, Javier 
740 0 |a vLex Libros (Servicio en ln̕ea) 
856 4 0 |u http://vlex.com/source/introduccion-constitucion-espa-ola-1978-23790  |z Acceso restringido 
942 |c BOOK 
999 0 |a Constitutional right